000 00816nas a2200265 4500
001 BR2010005483
003 BR-BrBNA
005 20231205114342.0
007 ta
008 230509b bl.|||p| |||| 00| 00por d
040 _aBR-BrBNA
_bpor
_cBiblioteca Nacional de Agricultura
041 _a(Pt)
072 _aL70
100 1 _aCassu, R.N.
100 1 _aMelchert, A.
100 1 _aMachado, G.M.
100 1 _aMeirelles, C.C.
245 1 _aAnestesia peridural com lidocaína isolada ou associada à clonidina: efeito cardiorrespiratório e analgésico em cães
650 _aCÃO
650 _aANALGÉSICO
650 _aANESTESIA
773 0 _tCiència Rural (Brazil)
_xISSN 0103-8478
_g(Oct 2010), v.40(10) p. 2129-2134
_wBR2010005483
909 _a202311
_bLúcia
_c55
_dLúcia Elande
942 _2AGRIS
_n0
_cANA
999 _c208373
_d208373